[Event "OLWU 2425 SC Grunbach - SG Donautal Tuttlingen"]
[Site "?"]
[Date "2024.09.15"]
[Round "1.7"]
[White "Guenter, Alexander"]
[Black "Schnabel, Andreas"]
[Result "0-1"]
[WhiteElo "1997"]
[BlackElo "1939"]
[PlyCount "120"]
[EventDate "2024.??.??"]

1. e4 c5 2. Bc4 Nc6 3. Nf3 g6 4. Nc3 Bg7 5. a3 d6 6. h3 e6 7. O-O Nge7 8. d3 O-O 9. Bg5 h6 10. Bh4 a6 11. Bxe7 Qxe7 12. Ba2 b5 13. Rb1 Rb8 14. Ne2 Bb7 15. c3 Ne5 16. Nxe5 dxe5 17. Qc2 Qc7 18. Ng3 h5 19. Qd2 Kh7 20. Qg5 Qd8 21. Qxd8 Rbxd8 22. Rbd1 Rd7 23. Bb3 Rfd8 24. Bc2 h4 25. Ne2 c4 26. dxc4 Rxd1 27. Rxd1 Rxd1+ 28. Bxd1 bxc4 29. f3 Bh6 30. Kf2 Bd2 31. Ba4 Kg7 32. b3 cxb3 33. Bxb3 Kf8 34. Ba4 Ke7 35. c4 g5 36. c5 Kd8 37. g3 Kc7 38. g4 Bc6 39. Bb3 Bb5 40. a4 Bd3 41. a5 Kc6 42. Ba4+ Kxc5 43. Be8 f6 44. Bd7 Bc4 45. Ng1 Bxa5 46. Ke3 Kb4 47. Ne2 Bb6+ 48. Kd2 a5 49. Nc1 Bf1 50. Bxe6 Bxh3 51. Nd3+ Ka3 52. Ke2 Bg2 53. Nf2 h3 54. Nxh3 Bxh3 55. Bc4 Kb4 56. Bd3 a4 57. Kd2 Bg2 58. Be2 a3 59. Kc2 Bd4 60. Kb1 Bf1 0-1

[Event "OLWU 2425 Heilbronner SV 2 - TG Biberach"]
[Site "?"]
[Date "2024.09.15"]
[Round "1.1"]
[White "Sinz, Bernhard"]
[Black "Schnepp, Gunnar"]
[Result "0-1"]
[WhiteElo "2342"]
[BlackElo "2230"]
[PlyCount "54"]
[EventDate "2024.09.15"]
[EventType "team"]
[EventRounds "9"]
[SourceVersion "1"]
[SourceVersionDate "2022.03.28"]
[SourceQuality "1"]

1. e4 c5 2. Nf3 d6 3. d4 cxd4 4. Nxd4 Nf6 5. Nc3 a6 6. Bg5 Nbd7 7. Qe2 b5 8. f4 e5 9. Nf5 Qa5 10. O-O-O b4 11. Nb1 Bb7 12. Rxd6 Nxe4 13. Rd1 exf4 14. Qg4 Ne5 15. Qxf4 h6 16. Nxh6 Nxg5 17. Re1 Rxh6 18. Rxe5+ Ne6 19. Bc4 Qb6 20. Qf5 Rf6 21. Qg4 Bd6 22. Re2 Bf4+ 23. Nd2 O-O-O 24. Rd1 Qd4 25. Bxe6+ fxe6 26. Qh3 Bxd2+ 27. Kb1 Bh6 0-1

[Event "OLWU 2425 Heilbronner SV 2 - TG Biberach"]
[Site "?"]
[Date "2024.09.15"]
[Round "1.2"]
[White "Ramirez Marin, Ivan"]
[Black "Sokratov, Stanislav"]
[Result "1-0"]
[WhiteElo "2284"]
[BlackElo "2151"]
[PlyCount "69"]
[EventDate "2024.09.15"]
[EventType "team"]
[EventRounds "9"]
[SourceVersion "1"]
[SourceVersionDate "2022.03.28"]
[SourceQuality "1"]

1. d4 d5 2. c4 e6 3. Nc3 Nf6 4. cxd5 exd5 5. Bg5 c6 6. e3 h6 7. Bh4 Be7 8. Bd3 O-O 9. Bg3 Re8 10. Nf3 Nh5 11. Be5 Nd7 12. O-O g6 13. Qc2 Nxe5 14. Nxe5 Ng7 15. Rad1 Bf5 16. e4 dxe4 17. Bxe4 Bf6 18. Rfe1 Qa5 19. f4 Rad8 20. Kh1 Qb4 21. a3 Qb6 22. Na4 Bxe4 23. Rxe4 Qc7 24. Nc5 Nf5 25. Qe2 Kg7 26. Nxg6 Rxe4 27. Qxe4 Rxd4 28. Rxd4 Nxd4 29. Ne5 Bxe5 30. fxe5 b6 31. Qxd4 bxc5 32. Qxc5 Qd7 33. h3 Kg6 34. Qc2+ Kg5 35. Qe4 1-0

[Event "OLWU 2425 Heilbronner SV 2 - TG Biberach"]
[Site "?"]
[Date "2024.09.15"]
[Round "1.3"]
[White "Engelhart, Achim"]
[Black "Neukirchner, Pascal"]
[Result "0-1"]
[WhiteElo "2099"]
[BlackElo "2251"]
[PlyCount "136"]
[EventDate "2024.09.15"]
[EventType "team"]
[EventRounds "9"]
[SourceVersion "1"]
[SourceVersionDate "2022.03.28"]
[SourceQuality "1"]

1. e4 c5 2. c3 d5 3. exd5 Qxd5 4. d4 g6 5. Nf3 Bg7 6. Na3 cxd4 7. Bc4 Qe4+ 8. Be3 Nh6 9. cxd4 O-O 10. Nb5 Nc6 11. Nc3 Qg4 12. h3 Qh5 13. Ne5 Qxd1+ 14. Rxd1 Nf5 15. Nxc6 bxc6 16. O-O Rb8 17. Rd2 Rd8 18. Rfd1 a5 19. b3 Nd6 20. Bd3 Rb4 21. Ne2 Nf5 22. Bc4 Nd6 23. Bd3 Be6 24. Bc2 Bd5 25. Nc3 Kf8 26. Kf1 Nb5 27. Nxb5 Rxb5 28. f3 Ke8 29. Ke2 Rb4 30. Kf2 Kd7 31. Ke2 Rdb8 32. Bf4 R8b7 33. Be3 Rb8 34. Bf4 Re8 35. Be3 e6 36. Kf2 Reb8 37. Bf4 R8b7 38. Be3 Rb8 39. Bf4 Ra8 40. Be3 Ra7 41. Rc1 f5 42. g3 Ra8 43. Rcd1 Rb7 44. Rc1 Bf8 45. Rcd1 Bb4 46. Re2 Bd6 47. Bd2 a4 48. bxa4 Bxa2 49. Bc3 Bd5 50. Ra1 Bb4 51. Bxb4 Rxb4 52. Rd2 Kc7 53. Bd1 Kb6 54. Ke3 g5 55. Rh2 e5 56. dxe5 f4+ 57. gxf4 gxf4+ 58. Kd3 Re8 59. a5+ Ka7 60. Rg2 Rxe5 61. Rg7+ Ka6 62. Rxh7 Re3+ 63. Kd2 Rd4+ 64. Kc2 Bb3+ 65. Kc1 Rxd1+ 66. Kb2 Rd2+ 67. Kc1 Rc2+ 68. Kd1 Ra2+ 0-1

[Event "OLWU 2425 Heilbronner SV 2 - TG Biberach"]
[Site "?"]
[Date "2024.09.15"]
[Round "1.4"]
[White "Peng, Xiang-Tobias"]
[Black "Wunder, Niklas"]
[Result "1-0"]
[WhiteElo "2227"]
[BlackElo "2091"]
[PlyCount "89"]
[EventDate "2024.09.15"]
[EventType "team"]
[EventRounds "9"]
[SourceVersion "1"]
[SourceVersionDate "2022.03.28"]
[SourceQuality "1"]

1. e4 e5 2. Nf3 Nc6 3. Bb5 Nf6 4. O-O Nxe4 5. Re1 Nd6 6. a4 Be7 7. Nc3 a6 8. Bf1 e4 9. Nxe4 Nxe4 10. Rxe4 d5 11. Re1 Bg4 12. b4 O-O 13. c3 d4 14. h3 Bh5 15. Bb2 dxc3 16. dxc3 Bf6 17. Qxd8 Bxd8 18. g4 Bg6 19. b5 axb5 20. axb5 Rxa1 21. Rxa1 Ne7 22. Bg2 Be4 23. Re1 Bd5 24. Ba3 Re8 25. Nd2 Bxg2 26. Kxg2 f6 27. Nc4 Kf7 28. Rd1 Ke6 29. Na5 Nd5 30. c4 Nf4+ 31. Kg3 g5 32. Nxb7 Be7 33. Bxe7 Kxe7 34. Na5 h5 35. gxh5 Nxh5+ 36. Kg4 Ng7 37. Nc6+ Ke6 38. c5 Ra8 39. b6 Ra4+ 40. Kf3 cxb6 41. cxb6 Ra3+ 42. Ke2 Ra2+ 43. Rd2 Rxd2+ 44. Kxd2 Kd7 45. b7 1-0

[Event "OLWU 2425 Heilbronner SV 2 - TG Biberach"]
[Site "?"]
[Date "2024.09.15"]
[Round "1.5"]
[White "Birkenmaier, Rainer"]
[Black "Tschlatscher, Thomas"]
[Result "1/2-1/2"]
[WhiteElo "2092"]
[BlackElo "2223"]
[PlyCount "77"]
[EventDate "2024.09.15"]
[EventType "team"]
[EventRounds "9"]
[SourceVersion "1"]
[SourceVersionDate "2022.03.28"]
[SourceQuality "1"]

1. d4 Nf6 2. Nf3 d5 3. c3 e6 4. Bg5 Be7 5. Nbd2 Nbd7 6. e3 h6 7. Bxf6 Nxf6 8. Bd3 O-O 9. O-O b6 10. e4 dxe4 11. Nxe4 Bb7 12. Nxf6+ Bxf6 13. Re1 c5 14. dxc5 bxc5 15. Be4 Rb8 16. Qc2 Qb6 17. b3 Rfd8 18. Rac1 Qa5 19. g3 Ba6 20. c4 Bb7 21. Bxb7 Rxb7 22. Rcd1 Rbd7 23. Rxd7 Rxd7 24. Re2 Qd8 25. Rd2 Bd4 26. Qe4 e5 27. Kg2 Re7 28. h4 Qd7 29. g4 Qb7 30. Qxb7 Rxb7 31. Nxd4 exd4 32. Kf3 Re7 33. a3 a5 34. b4 axb4 35. axb4 cxb4 36. Rxd4 b3 37. Rd8+ Kh7 38. Rb8 Rc7 39. Rxb3 1/2-1/2

[Event "OLWU 2425 Heilbronner SV 2 - TG Biberach"]
[Site "?"]
[Date "2024.09.15"]
[Round "1.6"]
[White "Dudek, Richard"]
[Black "Mack, Wolfgang"]
[Result "0-1"]
[WhiteElo "2166"]
[BlackElo "2236"]
[PlyCount "56"]
[EventDate "2024.09.15"]
[EventType "team"]
[EventRounds "9"]
[SourceVersion "1"]
[SourceVersionDate "2022.03.28"]
[SourceQuality "1"]

1. e4 g6 2. d4 Bg7 3. Nc3 d6 4. f4 a6 5. Nf3 b5 6. Bd3 Bb7 7. O-O Nd7 8. e5 c5 9. Ng5 Qb6 10. Nxf7 Kxf7 11. e6+ Kxe6 12. f5+ Kf7 13. dxc5 Qxc5+ 14. Kh1 Ngf6 15. Qe2 Ne5 16. Ne4 Bxe4 17. Bxe4 Rac8 18. c3 Qc4 19. fxg6+ hxg6 20. Qxc4+ Rxc4 21. Bd5+ Ke8 22. Bxc4 bxc4 23. Kg1 Kd7 24. Rb1 Ne4 25. Bf4 Nd3 26. Be3 Rb8 27. Bd4 Bxd4+ 28. cxd4 Nd2 0-1

[Event "OLWU 2425 Heilbronner SV 2 - TG Biberach"]
[Site "?"]
[Date "2024.09.15"]
[Round "1.7"]
[White "Wunder, Fabian"]
[Black "Mages, Steffen"]
[Result "1/2-1/2"]
[WhiteElo "2039"]
[BlackElo "2117"]
[PlyCount "84"]
[EventDate "2024.09.15"]
[EventType "team"]
[EventRounds "9"]
[SourceVersion "1"]
[SourceVersionDate "2022.03.28"]
[SourceQuality "1"]

1. Nf3 d5 2. g3 Nf6 3. Bg2 c6 4. c4 e6 5. Qc2 Bd6 6. d4 Ne4 7. Be3 O-O 8. Nbd2 f5 9. Bf4 Bxf4 10. gxf4 Nd7 11. e3 Ndf6 12. Ne5 Nxd2 13. Qxd2 Bd7 14. Bf3 Be8 15. Qe2 Qa5+ 16. Qd2 Qxd2+ 17. Kxd2 Rd8 18. c5 Bh5 19. Bxh5 Nxh5 20. b4 Nf6 21. f3 Nd7 22. Nd3 Rf6 23. Rhg1 Rh6 24. Rg2 Kf7 25. Rh1 Rh3 26. Nf2 Rh4 27. Nd3 Rg8 28. Nf2 h6 29. Rhg1 g6 30. h3 Kf6 31. Rg3 g5 32. fxg5+ hxg5 33. f4 Rh5 34. Rxg5 Rgxg5 35. Rxg5 Rxg5 36. fxg5+ Kxg5 37. Ke2 f4 38. Kf3 fxe3 39. Kxe3 e5 40. dxe5 Nxe5 41. b5 Kf5 42. Nd1 Nd7 1/2-1/2

[Event "OLWU 2425 Heilbronner SV 2 - TG Biberach"]
[Site "?"]
[Date "2024.09.15"]
[Round "1.8"]
[White "Hagenmeyer, Felix"]
[Black "Namyslo, Holger"]
[Result "1/2-1/2"]
[WhiteElo "2041"]
[BlackElo "2129"]
[PlyCount "85"]
[EventDate "2024.09.15"]
[EventType "team"]
[EventRounds "9"]
[SourceVersion "1"]
[SourceVersionDate "2022.03.28"]
[SourceQuality "1"]

1. e4 e6 2. d4 d5 3. Nc3 Bb4 4. e5 c5 5. a3 Bxc3+ 6. bxc3 Ne7 7. h4 Nbc6 8. h5 Qa5 9. Bd2 Qa4 10. Nf3 cxd4 11. Rh4 Nf5 12. Rf4 Bd7 13. g4 Nh6 14. cxd4 Na5 15. Rb1 a6 16. Bd3 Bb5 17. Rb4 Qxa3 18. Bxb5+ axb5 19. Rxb5 O-O 20. Kf1 Nc4 21. Kg2 Nxd2 22. Qxd2 Qe7 23. Qb4 Qxb4 24. Rxb4 Rfb8 25. Nh4 g5 26. hxg6 hxg6 27. g5 Nf5 28. Nxf5 gxf5 29. Rf3 b5 30. Rfb3 Ra2 31. Rb2 Rxb2 32. Rxb2 Rc8 33. Kf3 Rc4 34. Ke3 b4 35. Kd3 f4 36. Ra2 Rc3+ 37. Kd2 Kg7 38. Ra7 Kg6 39. Rb7 Rc4 40. Kd3 Rc3+ 41. Kd2 Rc4 42. Kd3 Rc3+ 43. Kd2 1/2-1/2